• 首页
  • 本馆介绍
  • 公告通知
  • 最新文献
  • 馆藏检索
  • 电子资源
  • 读者导购
  • 参考咨询
  • 我的图书馆
  • 登录
  • 详细信息显示
  • 放入我的书架
  • 预约/预借图书
  • 作者相关作品
  • 分类相关作品
  • 丛书相关作品
  • 出版社相关作品

书目信息

  • 表格格式
  • 工作单格式
  • 卡片格式
题名:
回顾
    
 
作者: 麦克纳马拉 著 ;陈丕西 译
分册:  
出版信息: 北京   作家出版社  1996
页数: 427页
开本: 20cm
丛书名: 美国畅销书金榜译丛
单 册:
中图分类: D871.22
科图分类:
主题词: 外交--美国--对外关系
电子资源:
ISBN: 7-5063-1092-9
000 00803nam2 2200253 45
001 0197008659
005 20050330171326.4
010    @a7-5063-1092-9@dCNY21.00
100    @a19970402d1996 em y0chiy0121 ea
101 1  @achi@ceng
102    @aCN@b110000
105    @af z 000yy
200 10 @a回顾@Ahui gu@e越战的悲剧与教训@f(美)罗伯特·S·麦克纳马拉著@F(Mei)Luo Bo Te·S·Mai Ke Na Ma La Zhu@g陈丕西等译
210    @a北京@c作家出版社@d1996
215    @a427页@c照片@d20cm
225 2  @a美国畅销书金榜译丛
410  0 @120010@a美国畅销书金榜译丛
517 1  @a越战的悲剧与教训@Ayue zhan de bei ju yu jiao xun
606 0  @a外交@y美国@x对外关系
690    @aD871.22@v3
701  0 @a麦克纳马拉@4著
702  0 @a陈丕西@Achen pi xi@4译
801  0 @aCN@bNLC@c19970508
905    @dD871.22@e24@f1@b273998
    
    回顾:越战的悲剧与教训/(美)罗伯特·S·麦克纳马拉著/陈丕西等译.-北京:作家出版社,1996
    427页:照片;20cm.-(美国畅销书金榜译丛)
    
    
    ISBN 7-5063-1092-9:CNY21.00
    
●
相关链接 在E读中查询图书 在五车中查询图书 在当当中查询图书 在豆瓣中查询图书


正题名:回顾     索取号:D871.22/24         预约/预借

序号 登录号 条形码 馆藏地/架位号 状态 备注
1 0273997   001027775   第一借阅区/ [索取号:D871.22/24] 在馆    
2 0273998   002007946   密集书库/ [索取号:D871.22/24] 在馆    
3 0273999   001027793   第一样本阅览室/ [索取号:D871.22/24] 在馆    
4 0275567   001027757   第一借阅区/ [索取号:D871.22/24] 在馆    
5 0275568   001027766   密集书库/ [索取号:D871.22/24] 在馆    
6 0275569   001027748   密集书库/ [索取号:D871.22/24] 在馆    
7 0275570   001027800   第一借阅区/ [索取号:D871.22/24] 在馆    
8 0275571   001027784   密集书库/ [索取号:D871.22/24] 在馆    
唐山师范学院图书馆 欢迎您!
大连网信软件有限公司© 版权所有